000 02232nam0a2200361 4500
001 RU\NLR\BIBL_A\012614293
005 20211206115122.0
010 _a978-5-7310-5408-9
_9500
021 _aRU
_bКН-П-21-038896
_9КН-П-21-3038
035 _a(NLR Aleph) 012614293
090 _a12619371
_c12619371
100 _a20211008d2021 k y0rusy50 ca
101 0 _arus
_aeng
102 _aRU
105 _aa z 000zy
181 0 _ai
_baxxe
182 0 _an
200 1 _aГосударство. Бизнес. Общество. Цифровая среда: траектория взаимодействия от теории к практике
_eсборник научных статей по итогам международной научно-практической конференции, 29-20 апреля 2021 года, Санкт-Петербург
_fСанкт-Петербургский центр системного анализа
203 _aТекст
_bвизуальный
_cнепосредственный
210 _aСанкт-Петербург
_cИзд-во Санкт-Петербургского государственного экономического университета
_d2021
215 _a272, [1] с.
_cил.
_d30
300 _aЧасть текста англ.
300 _aБиблиогр. в конце ст.
606 1 _aНаучные конференции
_jСборники
_yСанкт-Петербург, город
_92199847
_3RU\NLR\AUTH\6601556951
686 1 _aЯ431(2-2СПб)
711 1 2 _a"Государство. Бизнес. Общество. Цифровая среда: траектория взаимодействия от теории к практике", международная научно-практическая конференция
_eСанкт-Петербург
_f2021
_9771991
_3RU\NLR\AUTH\880552833
712 0 2 _4557
_aСанкт-Петербургский центр системного анализа
_9580299
_3RU\NLR\AUTH\880458656
942 _cBOOK
980 _aNB